000 01058cam a22002771 4500
001 agr50000764
003 DLC
005 20260227111014.0
008 671201s1950 xx a 000 0 eng
010 _aagr50000764
035 _a(OCoLC)14528037
040 _aDLC
_cDNLM
_dOCoLC
_dDLC
042 _apremarc
050 0 0 _aHG2051.U5
_bA574 no. 60
060 0 _aWA 390
_bJ73r 1950
100 1 _aJohnston, Helen L.
245 1 0 _aRural health cooperatives.
260 _aWashington
_b[For sale by the Supt. of Docs., U.S. Govt. Print. Off.]
_c1950.
300 _aix, 93 p.
_billus.
500 _aPHS bulletin, 308.
500 _aJoint publication of Cooperative Research and Service Division, Farm Credit Administration and Division of Medical and Hospital Resources, Public Health Service.
710 1 _aUnited States.
_bFarm Credit Administration.
_bCooperative Research and Service Division.
710 1 _aUnited States.
_bDivision of Medical and Hospital Resources.
810 2 _aPublic health bulletin ;
_vno. 308.
830 0 _aFCA bulletin ;
_v60.
999 _c11247
_d11247